000 01555cam a2200277zu 4500
001 88921953
003 FRCYB88921953
005 20251020125408.0
006 m o d
007 cr un
008 251020s2020 fr | o|||||0|0|||fre d
020 _a9782200628055
035 _aFRCYB88921953
040 _aFR-PaCSA
_bfr
_c
_erda
100 1 _aDavid, Olivier
245 0 1 _aLa population mondiale
_bRépartition, dynamique et mobilité
_c['David, Olivier']
264 1 _bArmand Colin
_c2020
300 _a p.
336 _btxt
_2rdacontent
337 _bc
_2rdamdedia
338 _bc
_2rdacarrier
650 0 _a
700 0 _aDavid, Olivier
856 4 0 _2Cyberlibris
_uhttps://international.scholarvox.com/netsen/book/88921953
_qtext/html
_a
520 _aAvec plus de 7,7 milliards d'individus aujourd'hui, et des projections annonçant 9,7 milliards en 2050, la population mondiale devrait dépasser le seuil des 11 milliards en 2100 d'après l'ONU. La remarquable intensité de cette croissance est néanmoins très disparate d'une région à l'autre du monde ; et si elle est très soutenue dans certains pays, d'autres doivent faire face à un immobilisme et à un vieillissement sans précédent.Cet ouvrage propose une introduction simple aux notions et concepts utilisés en géographie de la population. Assorti de nombreuses illustrations et de repères faciles à mémoriser, il permet d'aborder et comprendre la grande variété des dynamiques démographiques, et les enjeux pour les populations à venir.
999 _c1558176
_d1558176